El camino desde la violencia doméstica hasta la violencia de género en la normativa nacional europea e internacional : la experiencia de España y Rumania /

Detalles Bibliográficos
Autor principal: Vlădilă, Lavinia Mihaela (Autor)
Formato: Electrónico eBook
Lenguaje:español
Publicado: Santiago, Chile : Ediciones Olejnik, [2024]
Colección:Biblioteca de derecho penal y procesal penal.
Materias:
Acceso en línea:Digitalia Hispánica

MARC

LEADER 00000nam a2200000Ii 4500
001 DIGOLEJNK1515
003 NyNyDIG
006 m o d
007 cr |||||||||||
008 260106s2024 cl ob 000 0 spa d
035 |a (OCoLC)1568979218 
040 |a DGITA  |b eng  |e rda  |e pn  |c DGITA 
020 |z 9789564075020 
043 |a e-----  |a e-sp---  |a e-rm--- 
050 1 4 |a KKT4049.5.W65 ebook 
100 1 |a Vlădilă, Lavinia Mihaela,  |e author. 
245 1 3 |a El camino desde la violencia doméstica hasta la violencia de género en la normativa nacional europea e internacional :  |b la experiencia de España y Rumania /  |c Lavinia Mihaela Vladila.  
264 1 |a Santiago, Chile :  |b Ediciones Olejnik,  |c [2024] 
300 |a 1 online resource. 
336 |a text  |b txt  |2 rdacontent 
337 |a computer  |b c  |2 rdamedia 
338 |a online resource  |b cr  |2 rdacarrier 
347 |a text file  |2 rdaft 
347 |b PDF 
490 1 |a Biblioteca de derecho penal y procesal penal  
504 |a Includes bibliographical references. 
588 0 |a Online resource; title from PDF title page (Digitalia, viewed January 6, 2026) 
650 0 |a Women  |x Violence against  |x Law and legislation  |z Spain. 
650 0 |a Women  |x Violence against  |x Law and legislation  |z Romania. 
650 0 |a Women  |x Violence against  |x Law and legislation  |z Europe. 
650 0 |a Family violence  |x Law and legislation  |z Spain. 
650 0 |a Family violence  |x Law and legislation  |z Romania. 
650 0 |a Family violence  |x Law and legislation  |z Europe. 
791 2 |a Digitalia (Firm),  |e distribVlădilă, Lavinia Mihaela. 
793 0 |g Digitalia eBook Collection:  |a Ediciones Olejnik 
776 0 8 |i Print version:  |a aVlădilă, Lavinia Mihaela.  |t Camino desde la violencia doméstica hasta la violencia de género en la normativa nacional europea e internacional.  |b Primera edición en Ediciones Olejnik.  |d Santiago, Chile : Ediciones Olejnik, 2024  |z 9789564075020 
830 0 |a Biblioteca de derecho penal y procesal penal.  
856 4 0 |3 Digitalia Hispánica  |u https://www.digitaliapublishing.com/a/158034/ 
910 |a Premium collection: 2026